Statistics for Middlesbrough Premier League XIs

Click here to take the quiz!

General Stats

  • This quiz has been taken 141 times
  • The average score is 47 of 165

Answer Stats

PositionAnswer% Correct
DFGareth Southgate
78%
MFJuninho Paulista
71%
GKMark Schwarzer
70%
MFStewart Downing
67%
STFabrizio Ravanelli
54%
STMark Viduka
54%
MFEmerson
49%
STJimmy Floyd Hasselbaink
46%
DFUgo Ehiogu
43%
STJoseph-Désiré Job
40%
MFGaizka Mendieta
38%
GKVictor Valdés
37%
STÁlvaro Negredo
35%
STHámilton Ricard
35%
MFPaul Gascoigne
35%
GKSteve Pears
33%
MFGeorge Boateng
32%
STYakubu Ayegbeni
32%
MFCraig Hignett
30%
MFJohn Hendrie
30%
DFGary Pallister
29%
DFJonathan Woodgate
29%
STMassimo Maccarone
29%
DFNigel Pearson
29%
DFColin Cooper
27%
DFGianluca Festa
27%
MFRobbie Mustoe
27%
STAfonso Alves
25%
MFNick Barmby
25%
STTuncay Şanlı
25%
STAlen Bokšić
24%
DFBen Gibson
24%
DF | MFFábio Rochemback
24%
STSzilárd Németh
24%
MFAndy Townsend
22%
DFChris Morris
22%
DFChris Riggott
22%
DFDanny Mills
22%
MFLee Cattermole
22%
STMikkel Beck
22%
MFAdam Clayton
21%
MFBoudewijn Zenden
21%
DFDavid Wheater
21%
MFDoriva
19%
MFPaul Ince
19%
DFAndrew Davies
17%
DFAntonio Barragán
17%
STBrian Deane
17%
MFChristian Ziege
17%
MFGastón Ramirez
17%
MFJames Morrison
17%
MFJulio Arca
17%
MFMarten De Roon
17%
DFSteve Vickers
17%
DFStuart Parnaby
17%
DFCurtis Fleming
16%
DFDean Gordon
16%
DFDerek Whyte
16%
DF | MFFranck Queudrue
16%
GKGary Walsh
16%
STPaul Wilkinson
16%
DFNeil Cox
14%
MFRay Parlour
14%
DFAndrew Taylor
13%
DFEmanuel Pogatetz
13%
STJan Åge Fjørtoft
13%
MFGeremi
11%
MFJamie Pollock
11%
DFLuke Young
11%
DFMichael Reiziger
11%
MFAdam Forshaw
10%
DFCalum Chambers
10%
DFFábio Da Silva
10%
MFGary O'Neil
10%
STNoel Whelan
10%
GKRoss Turnbull
10%
MFChristian Karembeu
8%
STJérémie Aliadière
8%
DFJimmy Phillips
6%
MFJonathan Greening
6%
DFRobert Huth
6%
DFJustin Hoyte
5%
MFTommy Wright
5%
DFAlan Kernaghan
3%
MFPaul Okon
3%
DFRobbie Stockdale
3%
STTuncay Şanlı
3%
MFAndy Peake
2%
STWillie Falconer
2%

Score Distribution

Percentile by Number Answered

Percent of People with Each Score

Your Score History

You have not taken this quiz